000 00326nam a2200133Ia 4500
005 20251222144642.0
008 251222s9999||||xx |||||||||||||| ||spa||
020 _a84-235-2381-0
082 _a028.55/M86
100 _aMoreno Bayona, VĂ­ctor
245 0 _aLeer para comprender
264 _bGobierno de Navarra
942 _cLIB
999 _c16737
_d16737